000 00700nam a22002657a 4500
001 BR8206969
003 BR-BrBNA
005 20230928091543.0
007 ta
008 230509b bl.||||| |||| 00| 0 por d
040 _aBR-BrBNA
_bpor
_cBiblioteca Nacional de Agricultura
041 _a(Por)
072 _aE12
090 _ E12 BR8206969
110 1 _aFederacao da Agricultura de Goias, Goiania (Brasil)
_94553
245 1 _aComo fundar um sindicato de empregadores rurais
260 3 _aGoiania, GO (Brasil):
_c1982.
300 _a24 p.
500 _a7 tables
650 _aSINDICATO
650 _aTRABALHO
650 _aEMPREGO
909 _a202309
_bLucia
_c55
_dLucia Elande
942 _cBK
999 _c34383
_d34383